[Event "Trzcianka Dziedzic Memorial 9th"]
[Site "Trzcianka"]
[Date "2019.10.13"]
[Round "6"]
[White "Zolnierowicz, Krzysztof"]
[Black "Jaroch, Karol"]
[Result "0-1"]
[WhiteElo "2065"]
[BlackElo "2357"]
[PlyCount "106"]
[EventDate "2019.10.13"]
[EventType "swiss (rapid)"]
[EventRounds "9"]
[EventCountry "POL"]
[SourceTitle "CBM 192 Extra"]
[Source "Chessbase"]
[SourceDate "2019.11.06"]
[SourceVersion "1"]
[SourceVersionDate "2019.11.06"]
[SourceQuality "1"]

1. e4 c5 2. Nf3 d6 3. Bc4 Nc6 4. c3 Nf6 5. d4 cxd4 6. cxd4 Bg4 7. d5 Bxf3 8. Qxf3 Ne5 9. Qe2 g6 10. 0-0 Bg7 11. Nc3 0-0 12. f4 Nxc4 13. Qxc4 Qb6+ 14. Kh1 h5 15. Qe2 Rac8 16. Be3 Qb4 17. Bg1 b6 18. e5 Ng4 19. h3 Nh6 20. g4 hxg4 21. hxg4 dxe5 22. fxe5 Nxg4 23. a3 Qc4 24. Qxc4 Rxc4 25. d6 exd6 26. exd6 Rd8 27. Rad1 Be5 28. Rfe1 f6 29. d7 Rc7 30. Re4 f5 31. Re2 Rcxd7 32. Rde1 Bxc3 33. bxc3 Kf7 34. Bd4 Nf6 35. Kg2 Nd5 36. Kf3 Re7 37. Rxe7+ Nxe7 38. Rh1 Rd5 39. Rh7+ Ke6 40. Rg7 Ra5 41. Be3 Rxa3 42. Bg5 Rxc3+ 43. Ke2 Rc7 44. Kd3 Rd7+ 45. Kc4 Rc7+ 46. Kb5 Rd7 47. Kc4 f4 48. Bxf4 Kf6 49. Rh7 g5 50. Be3 Kg6 51. Rh1 Nf5 52. Bc1 g4 53. Rg1 g3 0-1

[Event "Baltic Cup 3rd"]
[Site "Darlowko"]
[Date "2019.06.25"]
[Round "4"]
[White "Derylo, Kamil"]
[Black "Zolnierowicz, Krzysztof"]
[Result "1-0"]
[WhiteElo "1860"]
[BlackElo "2013"]
[PlyCount "48"]
[EventDate "2019.06.23"]
[EventType "swiss"]
[EventRounds "9"]
[EventCountry "POL"]
[SourceTitle "CBM 191 Extra"]
[Source "ChessBase"]
[SourceDate "2019.09.30"]
[SourceVersion "1"]
[SourceVersionDate "2019.09.30"]
[SourceQuality "1"]

1. d4 c5 2. c3 Qa5 3. dxc5 Qxc5 4. e4 Nf6 5. Qc2 d6 6. Be3 Qc7 7. Nf3 Nbd7 8. h3 e6 9. Nbd2 Be7 10. Be2 0-0 11. 0-0 b6 12. Nd4 a6 13. a4 Bb7 14. f4 Rfe8 15. Bf3 Bf8 16. g4 e5 17. g5 exd4 18. Bxd4 d5 19. gxf6 Qxf4 20. Bg2 Qg3 21. Rf3 Qg6 22. fxg7 Bd6 23. Raf1 dxe4 24. Rxf7 Qg3 1-0

[Event "Trzcianka Dziedzic Memorial 6th"]
[Site "Trzcianka"]
[Date "2016.09.18"]
[Round "3"]
[White "Kolosowski, Mateusz"]
[Black "Zolnierowicz, Krzysztof"]
[Result "0-1"]
[WhiteElo "2426"]
[BlackElo "2037"]
[PlyCount "48"]
[EventDate "2016.09.18"]
[EventType "swiss (rapid)"]
[EventRounds "9"]
[EventCountry "POL"]
[SourceTitle "CBM 174 Extra"]
[Source "ChessBase"]
[SourceDate "2016.10.10"]
[SourceVersion "1"]
[SourceVersionDate "2016.10.10"]
[SourceQuality "1"]

1. d4 d5 2. c4 e6 3. Nf3 c5 4. cxd5 exd5 5. g3 Nf6 6. Bg2 Be7 7. 0-0 0-0 8. Nc3 Nc6 9. dxc5 Bxc5 10. Na4 Be7 11. Be3 Ne4 12. Rc1 Qa5 13. Nd4 Bd7 14. b3 Ba3 15. Rc2 Rac8 16. f3 Nf6 17. Nxc6 Bxc6 18. Nc5 Rfe8 19. Bd4 Bxc5 20. Bxc5 Bb5 21. b4 Qa6 22. Re1 Ba4 23. Bh3 Bxc2 24. Qxc2 b6 0-1

[Event "POL-chT3 Kujawsko Pomorskie 1617"]
[Site "Poland"]
[Date "2016.??.??"]
[Round "3.6"]
[White "Zolnierowicz, Krzysztof"]
[Black "Kacprzak, Karol"]
[Result "1-0"]
[WhiteElo "2025"]
[BlackElo "1567"]
[PlyCount "69"]
[EventDate "2016.11.06"]
[EventType "team-tourn"]
[EventRounds "9"]
[EventCountry "POL"]
[SourceTitle "EXT 2018"]
[Source "ChessBase"]
[SourceDate "2017.10.13"]
[SourceVersion "1"]
[SourceVersionDate "2017.10.13"]
[SourceQuality "1"]

1. c4 c5 2. g3 Nf6 3. Bg2 d5 4. cxd5 Nxd5 5. Nf3 Nc6 6. d4 Bf5 7. Nc3 Nxc3 8. bxc3 e6 9. 0-0 Be7 10. Qb3 Qd7 11. Ne5 Nxe5 12. dxe5 0-0 13. Qxb7 Qxb7 14. Bxb7 Rab8 15. Bg2 Rfc8 16. e4 Bg6 17. f4 Bh5 18. f5 exf5 19. exf5 Rd8 20. Bf4 Rb2 21. Rf2 Rxf2 22. Kxf2 Rb8 23. Be4 Rb2+ 24. Ke3 Re2+ 25. Kd3 Bd8 26. c4 Rb2 27. h3 Rh2 28. Rb1 Bb6 29. a4 h6 30. Rb5 Ra2 31. g4 Ra3+ 32. Kd2 Rxh3 33. gxh5 Rh4 34. Ke3 Rh3+ 35. Bf3 1-0

[Event "Dzwirzyno Gminy Cup"]
[Site "Dzwirzyno"]
[Date "2016.??.??"]
[Round "5"]
[White "Zolnierowicz, Krzysztof"]
[Black "Kowalski, Maciej"]
[Result "0-1"]
[WhiteElo "2037"]
[BlackElo "2021"]
[PlyCount "50"]
[EventDate "2016.09.30"]
[EventType "swiss"]
[EventRounds "9"]
[EventCountry "POL"]
[SourceTitle "EXT 2018"]
[Source "ChessBase"]
[SourceDate "2017.10.13"]
[SourceVersion "1"]
[SourceVersionDate "2017.10.13"]
[SourceQuality "1"]

1. e4 c5 2. Nf3 Nc6 3. b4 cxb4 4. d4 d5 5. exd5 Qxd5 6. c4 Qa5 7. d5 b3+ 8. Bd2 b2 9. Bxa5 bxa1Q 10. dxc6 b6 11. c7 Bd7 12. Bc3 Qxa2 13. Ne5 Ba4 14. c5 e6 15. cxb6 axb6 16. Ba6 Bxd1 17. Bb5+ Ke7 18. Bb4+ Kf6 19. Nd7+ Kg5 20. Bd2+ Kh5 21. Nxb6 Qxb1 22. 0-0 Qxb5 23. Nxa8 Qb7 24. Rxd1 Qxa8 25. Rb1 Ne7 0-1

[Event "Dzwirzyno Gminy Cup"]
[Site "Dzwirzyno"]
[Date "2016.??.??"]
[Round "3"]
[White "Zolnierowicz, Krzysztof"]
[Black "Pawletko, Szymon"]
[Result "1-0"]
[WhiteElo "2037"]
[BlackElo "1810"]
[PlyCount "51"]
[EventDate "2016.09.30"]
[EventType "swiss"]
[EventRounds "9"]
[EventCountry "POL"]
[SourceTitle "EXT 2018"]
[Source "ChessBase"]
[SourceDate "2017.10.13"]
[SourceVersion "1"]
[SourceVersionDate "2017.10.13"]
[SourceQuality "1"]

1. Nf3 d5 2. g3 Nf6 3. Bg2 c5 4. 0-0 Nc6 5. d4 Bf5 6. c4 e6 7. cxd5 exd5 8. Nc3 Ne4 9. Nh4 Nxc3 10. bxc3 Be6 11. e4 cxd4 12. exd5 Bxd5 13. Re1+ Be7 14. Nf5 Bxg2 15. Nxg7+ Kd7 16. Kxg2 Kc7 17. Qf3 Rf8 18. Bf4+ Bd6 19. Nf5 Bxf4 20. Qxf4+ Kb6 21. Rab1+ Ka6 22. Nd6 Qa5 23. Qe4 Rab8 24. Qd3+ b5 25. Nxb5 Kb6 26. Qc4 1-0

[Event "POL-chT3 Kujawsko Pomorskie 1617"]
[Site "Poland"]
[Date "2016.??.??"]
[Round "1.11"]
[White "Zolnierowicz, Krzysztof"]
[Black "Sliwicki, Damian"]
[Result "0-1"]
[WhiteElo "2025"]
[BlackElo "2118"]
[PlyCount "62"]
[EventDate "2016.11.06"]
[EventType "team-tourn"]
[EventRounds "9"]
[EventCountry "POL"]
[SourceTitle "EXT 2018"]
[Source "ChessBase"]
[SourceDate "2017.10.13"]
[SourceVersion "1"]
[SourceVersionDate "2017.10.13"]
[SourceQuality "1"]

1. Nf3 e6 2. e4 c5 3. d4 cxd4 4. Nxd4 Nc6 5. Nc3 Qc7 6. Be2 Nf6 7. 0-0 a6 8. Nxc6 bxc6 9. f4 d5 10. Bd3 Be7 11. e5 Nd7 12. Na4 0-0 13. b3 g6 14. Bb2 c5 15. c4 dxc4 16. Bxc4 Nb6 17. Nxb6 Qxb6 18. Qg4 a5 19. Rad1 a4 20. Rf2 axb3 21. axb3 Ba6 22. Rfd2 Bxc4 23. bxc4 Qb3 24. Qe2 Ra2 25. Bc1 Rxd2 26. Bxd2 Rd8 27. Rf1 Qc2 28. Rf2 Rd4 29. Qe1 Qxc4 30. Be3 Rd3 31. Rb2 Qd5 0-1

[Event "Rubinstein Memorial op 51st"]
[Site "Polanica Zdroj"]
[Date "2015.08.26"]
[Round "5"]
[White "Kocwin, Bartosz"]
[Black "Zolnierowicz, Krzysztof"]
[Result "1-0"]
[WhiteElo "2250"]
[BlackElo "2043"]
[PlyCount "81"]
[EventDate "2015.08.22"]
[EventType "swiss"]
[EventRounds "9"]
[EventCountry "POL"]
[SourceTitle "EXT 2016"]
[Source "ChessBase"]
[SourceDate "2015.10.08"]
[SourceVersion "1"]
[SourceVersionDate "2015.10.08"]
[SourceQuality "1"]

1. d4 d5 2. c4 e6 3. Nf3 c5 4. cxd5 exd5 5. Nc3 Nc6 6. e3 Nf6 7. Be2 cxd4 8. Nxd4 Bd6 9. 0-0 0-0 10. a3 Re8 11. Ncb5 Bb8 12. b4 a6 13. Nxc6 bxc6 14. Nd4 Qd6 15. g3 Bh3 16. Re1 Ne4 17. Bf1 Qf6 18. Qf3 Bxf1 19. Qxf6 gxf6 20. Rxf1 Be5 21. Bb2 Nd2 22. Rfd1 Nc4 23. Bc3 Rec8 24. Rdc1 Kf8 25. Nf5 Bxc3 26. Rxc3 a5 27. Rd1 axb4 28. axb4 Re8 29. Nd4 Rec8 30. b5 c5 31. Nc6 Ra3 32. Rc2 Rb3 33. Rxd5 Rxb5 34. Na7 Rb1+ 35. Kg2 Nxe3+ 36. fxe3 Rc7 37. Rd8+ Kg7 38. Ra8 c4 39. Nc8 c3 40. Nd6 Rc6 41. Nf5+ 1-0

[Event "Rubinstein Memorial op 51st"]
[Site "Polanica Zdroj"]
[Date "2015.08.23"]
[Round "2"]
[White "Zolnierowicz, Krzysztof"]
[Black "Kanicki, Krzysztof"]
[Result "1-0"]
[WhiteElo "2043"]
[BlackElo "2205"]
[PlyCount "79"]
[EventDate "2015.08.22"]
[EventType "swiss"]
[EventRounds "9"]
[EventCountry "POL"]
[SourceTitle "EXT 2016"]
[Source "ChessBase"]
[SourceDate "2015.10.08"]
[SourceVersion "1"]
[SourceVersionDate "2015.10.08"]
[SourceQuality "1"]

1. e4 c5 2. Nf3 Nc6 3. Bb5 g6 4. 0-0 Bg7 5. c3 Nf6 6. Re1 0-0 7. h3 e5 8. d4 cxd4 9. cxd4 exd4 10. e5 Nd5 11. Bg5 Qc7 12. Nbd2 d6 13. Bc4 Nb6 14. exd6 Qxd6 15. Ne4 Qc7 16. Bb3 Be6 17. Bxe6 fxe6 18. Nc5 Qf7 19. Nxe6 Rfe8 20. Nxg7 Qxg7 21. Qd3 Ne5 22. Qb3+ Nec4 23. Rad1 d3 24. Nd2 Qf7 25. Ne4 Re6 26. Rxd3 Rae8 27. Nf6+ Kh8 28. Rxe6 Rxe6 29. Rd8+ Kg7 30. Rg8+ Qxg8 31. Nxg8 Kxg8 32. Qf3 Nd6 33. g4 Nf7 34. Be3 Rc6 35. Bd4 Ng5 36. Qa3 Kf7 37. Be3 Nxh3+ 38. Kg2 Nc4 39. Qxa7 Nxe3+ 40. Qxe3 1-0

[Event "Kujawsko Pomorskie-ch op 67th"]
[Site "Inowroclaw"]
[Date "2014.08.13"]
[Round "7"]
[White "Pawlowski, Pawel"]
[Black "Zolnierowicz, Krzysztof"]
[Result "0-1"]
[WhiteElo "1744"]
[BlackElo "2063"]
[PlyCount "94"]
[EventDate "2014.08.09"]
[EventType "swiss"]
[EventRounds "9"]
[EventCountry "POL"]
[SourceTitle "EXT 2019"]
[Source "ChessBase"]
[SourceDate "2018.10.10"]
[SourceVersion "1"]
[SourceVersionDate "2018.10.10"]
[SourceQuality "1"]

1. Nf3 b5 2. g3 Bb7 3. Bg2 Nf6 4. a4 b4 5. 0-0 e6 6. b3 Be7 7. Bb2 0-0 8. d3 d6 9. e4 Nbd7 10. Nbd2 a5 11. Nc4 d5 12. exd5 Nxd5 13. Qd2 Bf6 14. d4 c5 15. Nd6 Bc6 16. Ne4 Be7 17. Ne5 Nxe5 18. dxe5 Qc7 19. Rfe1 c4 20. Bd4 Rfd8 21. Rad1 Nc3 22. Nxc3 bxc3 23. Qe3 Bxg2 24. Kxg2 Qb7+ 25. Qf3 Qxf3+ 26. Kxf3 cxb3 27. Bxc3 Rdc8 28. Rd3 bxc2 29. Rc1 Rc4 30. Rxc2 Rac8 31. Ke2 Rxa4 32. Kd2 Rac4 33. Ra2 Rxc3 34. Rxc3 Bb4 35. Rac2 f6 36. exf6 gxf6 37. Kd3 Rxc3+ 38. Rxc3 Bxc3 39. Kxc3 Kf7 40. Kb3 Kg6 41. Ka4 Kf5 42. f3 Ke5 43. Kxa5 Kd4 44. Kb5 Ke3 45. f4 e5 46. g4 Kxf4 47. h3 e4 0-1

[Event "Guzinsky Memorial 6th"]
[Site "Lazy"]
[Date "2013.03.28"]
[Round "9"]
[White "Januszkiewicz, Wojciech"]
[Black "Zolnierowicz, Krzysztof"]
[Result "1-0"]
[WhiteElo "1729"]
[BlackElo "2167"]
[PlyCount "57"]
[EventDate "2013.03.28"]
[EventType "swiss"]
[EventRounds "9"]
[EventCountry "POL"]
[SourceTitle "EXT 2014"]
[Source "ChessBase"]
[SourceDate "2013.11.20"]
[SourceVersion "1"]
[SourceVersionDate "2013.11.20"]
[SourceQuality "1"]

1. e4 d5 2. exd5 Nf6 3. d4 Nxd5 4. Nf3 g6 5. c4 Nb6 6. Nc3 Bg7 7. c5 Nd5 8. Bc4 Nxc3 9. bxc3 0-0 10. 0-0 b6 11. cxb6 cxb6 12. Re1 e6 13. Ba3 Re8 14. Ne5 Qc7 15. Bb3 Bb7 16. Qg4 Bf8 17. Bb2 Nc6 18. Nxf7 Kxf7 19. Bxe6+ Kg7 20. d5 h5 21. c4+ Kh7 22. Qf3 Na5 23. Re5 Rxe6 24. Rxe6 Nxc4 25. Rc1 Qd7 26. Rxc4 Bxd5 27. Qf6 Bg7 28. Re7 Qxe7 29. Qxe7 1-0

[Event "Guzinsky Memorial 6th"]
[Site "Lazy"]
[Date "2013.03.28"]
[Round "4"]
[White "Zolnierowicz, Krzysztof"]
[Black "Karwowski, Kacper"]
[Result "1-0"]
[WhiteElo "2167"]
[BlackElo "1965"]
[PlyCount "79"]
[EventDate "2013.03.28"]
[EventType "swiss"]
[EventRounds "9"]
[EventCountry "POL"]
[SourceTitle "EXT 2014"]
[Source "ChessBase"]
[SourceDate "2013.11.20"]
[SourceVersion "1"]
[SourceVersionDate "2013.11.20"]
[SourceQuality "1"]

1. e4 c5 2. Nf3 d6 3. c3 Nf6 4. Bd3 Nc6 5. Bc2 g6 6. 0-0 Bg7 7. d4 cxd4 8. cxd4 Bg4 9. Be3 Bxf3 10. Qxf3 Qb6 11. e5 dxe5 12. dxe5 Nxe5 13. Ba4+ Kf8 14. Qe2 Qb4 15. Nc3 Ne4 16. Bb3 Nxc3 17. bxc3 Qxc3 18. Rfd1 h5 19. Rac1 Qb4 20. Bc5 Qg4 21. f3 Qf5 22. Bd5 Bh6 23. Rb1 Rc8 24. Bd4 Bg7 25. Rxb7 Rd8 26. Bc5 Bf6 27. Bxa7 Qc8 28. Rb8 Qc7 29. Rxd8+ Qxd8 30. Bb3 Qc7 31. Be3 Kg7 32. Qd2 h4 33. h3 e6 34. Qc2 Qb8 35. f4 Rc8 36. Qe4 Nc6 37. Rd7 Kh6 38. Rxf7 Rf8 39. f5+ g5 40. Qxh4# 1-0

[Event "POL-chT3 Kujawsko Pomorskie 1314"]
[Site "Poland"]
[Date "2013.??.??"]
[Round "2.26"]
[White "Zolnierowicz, Krzysztof"]
[Black "Paprocki, Jaroslaw"]
[Result "1/2-1/2"]
[WhiteElo "2090"]
[BlackElo "2199"]
[PlyCount "79"]
[EventDate "2013.11.03"]
[EventType "team-tourn"]
[EventRounds "11"]
[EventCountry "POL"]
[SourceTitle "EXT 2015"]
[Source "ChessBase"]
[SourceDate "2014.11.20"]
[SourceVersion "1"]
[SourceVersionDate "2014.11.20"]
[SourceQuality "1"]
[WhiteTeam "Swiecie Gambit"]
[BlackTeam "Bydgoszcz Wiartrak"]
[WhiteTeamCountry "POL"]
[BlackTeamCountry "POL"]

1. d4 d5 2. Nc3 Nf6 3. Bg5 c6 4. Qd3 Qa5 5. f3 Na6 6. Bxf6 exf6 7. e4 Bd6 8. exd5 0-0 9. dxc6 bxc6 10. Kf2 Rb8 11. b3 Nb4 12. Qd1 Be5 13. Nce2 Qb6 14. f4 Bxf4 15. Nxf4 Nxc2 16. Nf3 Nxa1 17. Qxa1 Bg4 18. Bc4 Rfe8 19. h3 Bxf3 20. Kxf3 Rbd8 21. Rd1 f5 22. Qc3 Re4 23. Ne2 Re7 24. h4 c5 25. d5 Qg6 26. g3 Qg4+ 27. Kf2 f4 28. Qf3 fxg3+ 29. Qxg3 Qf5+ 30. Qf3 Qe5 31. d6 Red7 32. Ng3 Rxd6 33. Rxd6 Qxd6 34. Qxf7+ Kh8 35. Nf5 Qf4+ 36. Ke1 Qe5+ 37. Kf2 Qf4+ 38. Ke1 Qd2+ 39. Kf1 Qf4+ 40. Ke1 1/2-1/2